Normal view MARC view
  • PATIL, KETAN B. PATIL, NARENDRA B. AND PATIL, PARESH A

Entry Personal Name

Number of records used in: 1

001 - CONTROL NUMBER

  • control field: 8736

003 - CONTROL NUMBER IDENTIFIER

  • control field: JRU

005 - DATE AND TIME OF LATEST TRANSACTION

  • control field: 20251117175923.0

008 - FIXED-LENGTH DATA ELEMENTS

  • fixed length control field: 251117|| aca||aabn | a|a d

040 ## - CATALOGING SOURCE

  • Original cataloging agency: JRU
  • Transcribing agency: JRU

100 ## - HEADING--PERSONAL NAME

  • Personal name: PATIL, KETAN B. PATIL, NARENDRA B. AND PATIL, PARESH A

670 ## - SOURCE DATA FOUND

  • Source citation: Work cat.: (JRU)8908: PATIL, KETAN B. PATIL, NARENDRA B. AND PATIL, PARESH A. , A PRACTICAL BOOK OF PHARMACEUTICAL INORGANIC CHEMISTRY FOR B. PHARMA [ II SEMESTER], 2024